| 000 | 00000nam##2200000za#4500 |
| 001 | 9.590584 |
| 003 | CaOODSP |
| 005 | 20211213094337 |
| 007 | cr ||||||||||| |
| 008 | 150406|2015||||xxc|||||o f|0| 0 fre|d |
| 040 | |aCaOODSP|bfre |
| 041 | |aeng |
| 041 | |afre |
| 043 | |an-cn--- |
| 086 | 1 |aXB412-40/3-PDF |
| 110 | 1 |aCanada. |bParlement. |bChambre des communes. |
| 245 | 10|aLoi concernant le parc urbain national de la Rouge |h[ressource électronique] |
| 246 | 1 |iTitre abrégé : |aLoi sur le parc urbain national de la Rouge |
| 260 | |aOttawa - Ontario : |bChambre des communes |cAdopté par la Chambre des communes le 26 janvier 2015. |
| 300 | |a42p. |
| 490 | 1 |aProjet de loi C-... |vC-40, 2e session, 41e législature |
| 590 | |a15-05|b2015-01-30 |
| 791 | |tAn Act respecting the Rouge National Urban Park |eeng|w(CaOODSP)9.590583 |
| 830 | #0|aProjet de loi C-...|vC-40, 2e session, 41e législature|w(CaOODSP)9.500660 |
| 856 | 40|ahttp://publications.gc.ca|qPDF|s220 Ko|uhttps://publications.gc.ca/collections/collection_2015/parl/XB412-40-3.pdf|yC-40, 2e session, 41e législature |